| 000 | 01017cam a2200265 i 4500 | ||
|---|---|---|---|
| 001 | hh98712875 | ||
| 005 | 20191205121651.0 | ||
| 008 | 980926s1987 |||||||| |||||00||||pol|| | ||
| 020 | _a8370060439 | ||
| 040 |
_aTOR U/UD _cTOR U/KC _dTOR U/KC |
||
| 041 | 0 | _apol | |
| 090 | 0 |
_aHistoria Polski _copracowania _c1945-1989. |
|
| 090 | 0 |
_aReligia, religioznawstwo _cPomorze Wschodnie. |
|
| 090 | 0 |
_aLiteratura _chistoria. |
|
| 090 |
_aEls _ct |
||
| 100 | 1 |
_aMalewska, Hanna _d(1911-1983). _9_za107109a2d0 |
|
| 245 | 0 | 0 |
_aO odpowiedzialności i inne szkice : _bwybór publicystyki (1945-1976) / _cHanna Malewska ; [przygot. i wstępem opatrzył Andrzej Sulikowski]. |
| 250 | _aWyd. 2 zm. i poszerz. | ||
| 260 |
_aKraków : _b"Znak", _c1987. |
||
| 300 |
_a492 s. ; _c20 cm. |
||
| 500 | _aWyd. poprz. ogł. pt. : O odpowiedzialności. | ||
| 504 | _aBibliogr. twórczości H. Malewskiej s. 433-489. | ||
| 700 | 1 |
_aSulikowski, Andrzej _d(1950- ). _eWstęp _9_za108336a2d0 |
|
| 920 |
_a83-7006-043-9 : _czł 50,00 |
||
| 999 | 0 | 0 |
_a964 _c839 _d839 |